Statistical annual. Cash and futures data.

Bibliographic Details
New Title:Statistical annual. Grains, options on agricultural futures
Previous Title:Statistical annual, Chicago Board of Trade
Corporate Author: Chicago Board of Trade
Format: Serial
Language:English
Published: [Chicago] : Chicago Board of Trade, [1979-1985]
Subjects:

MARC

Tag First Indicator Second Indicator Subfields
LEADER 00000cas a2200000 a 4500
001 in00000074862
005 20151008054815.0
008 800815d19791985iluar s 0uuua0engmd
010 |a sn 82020092  
035 |a (OCoLC)06623485 
035 |9 AAJ1736AM 
040 |a IUL  |c IUL  |d m.c.  |d FUG  |d MUL  |d NST  |d TXA  |d UtOrBLW 
049 |a TXAE  
090 |a HF296  |b .C5454 
245 0 0 |a Statistical annual.  |p Cash and futures data. 
246 1 0 |a Cash and futures data 
264 1 |a [Chicago] :  |b Chicago Board of Trade,  |c [1979-1985] 
264 4 |c [©1979-1985] 
300 |a 7 volumes ;  |c 26 cm. 
310 |a Annual 
336 |a text  |b txt  |2 rdacontent 
337 |a unmediated  |b n  |2 rdamedia 
338 |a volume  |b nc  |2 rdacarrier 
362 0 |a 1979-1985. 
500 |a "Grains, metals, forest products." 
500 |a Title from cover. 
650 0 |a Grain trade  |x Statistics  |x Periodicals. 
650 0 |a Forest products  |x Statistics  |x Periodicals. 
650 0 |a Metal trade  |x Statistics  |x Periodicals. 
710 2 |a Chicago Board of Trade. 
710 2 |a Chicago Board of Trade.  |t Cash and futures data. 
780 0 1 |t Statistical annual, Chicago Board of Trade  |x 0163-5409 
785 0 0 |t Statistical annual. Grains, options on agricultural futures  |w  (DLC) 87641986  |w (OCoLC) 14091019 
999 |a MARS 
999 f f |s 08ef3861-a642-30f9-b5ad-d301f243bfc3  |i 441005d3-bb8c-3283-99f9-fd022d9e6f90  |t 0 
952 f f |p ric  |a Texas A&M University  |b Rellis Campus  |c Joint Library Facility  |d Remote Storage  |t 0  |e HF296 .C5454  |h Library of Congress classification  |i unmediated -- volume  |k 1980  |m A14810781443 
952 f f |p ric  |a Texas A&M University  |b Rellis Campus  |c Joint Library Facility  |d Remote Storage  |t 0  |e HF296 .C5454  |h Library of Congress classification  |i unmediated -- volume  |k 1984  |m A14809737041 
952 f f |p ric  |a Texas A&M University  |b Rellis Campus  |c Joint Library Facility  |d Remote Storage  |t 0  |e HF296 .C5454  |h Library of Congress classification  |i unmediated -- volume  |k 1983  |m A14808046227 
952 f f |p ric  |a Texas A&M University  |b Rellis Campus  |c Joint Library Facility  |d Remote Storage  |t 0  |e HF296 .C5454  |h Library of Congress classification  |i unmediated -- volume  |k 1981  |m A14807349850 
952 f f |p ric  |a Texas A&M University  |b Rellis Campus  |c Joint Library Facility  |d Remote Storage  |t 0  |e HF296 .C5454  |h Library of Congress classification  |i unmediated -- volume  |k 1979  |m A14810781396 
952 f f |p ric  |a Texas A&M University  |b Rellis Campus  |c Joint Library Facility  |d Remote Storage  |t 0  |e HF296 .C5454  |h Library of Congress classification  |i unmediated -- volume  |k 1982  |m A14807287333 
952 f f |p ric  |a Texas A&M University  |b Rellis Campus  |c Joint Library Facility  |d Remote Storage  |t 0  |e HF296 .C5454  |h Library of Congress classification  |i unmediated -- volume  |k 1985  |m A14809394932 
998 f f |a HF296 .C5454  |s 1979-1985  |t 0  |l Remote Storage